Legislación Naval. Recopilación de las leyes, resoluciones legislativas, reglamentos, decretos, resoluciones supremas y ministeriales de caracter general, ordenes generales, circulares, etc., correspondientes al ramo; y diversas leyes y disposiciones dictadas por los otros ramos de la administración pública que tuienen relación con la Armada

Tallennettuna:
Bibliografiset tiedot
Päätekijä: Garaycochea, León (Tekijä)
Yhteisötekijä: Ministerio de Marina (Tekijä)
Aineistotyyppi: Kirja
Kieli:espanja
Julkaistu: Lima Segrastan 1928
Aiheet:
Tagit: Lisää tagi
Ei tageja, Lisää ensimmäinen tagi!

MARC

LEADER 00000nam a2200000 a 4500
001 UCR4693
003 CL-VaPUC
008 980313e19280000PE |||||||||||||||||spa|d
082 0 4 |a 343.096  |b GAR  |2 21 
100 0 |a Garaycochea, León  |e author  |9 405218 
110 2 |a Ministerio de Marina  |e author  |9 405219 
245 1 0 |a Legislación Naval. Recopilación de las leyes, resoluciones legislativas, reglamentos, decretos, resoluciones supremas y ministeriales de caracter general, ordenes generales, circulares, etc., correspondientes al ramo; y diversas leyes y disposiciones dictadas por los otros ramos de la administración pública que tuienen relación con la Armada 
300 |a 4 v 
942 |c BK 
945 |d 19980313 00:00:00  |a crobeson 
260 |a Lima  |b Segrastan  |c 1928 
650 0 |a Derecho marítimo  |9 255301 
650 7 |a LEGISLACION  |2 CL-VaPUC  |9 405220 
651 0 |a Perú  |9 256567 
583 |a last modification  |c 19980313 00:00:00  |k Rodrigo Vera 
999 |c 267589  |d 267587 
952 |0 0  |1 0  |4 0  |6 343_096000000000000_GAR_1928  |7 0  |8 X  |9 299991  |a BIBDER  |b BIBDER  |d 2019-11-20  |h v.1  |i 1949543  |o 343.096 GAR 1928  |p 1949543  |r 2023-01-25  |w 2019-11-20  |y BK_X  |k DER 
952 |0 0  |1 0  |4 0  |6 343_096000000000000_GAR_1928  |7 0  |8 X  |9 299992  |a BIBDER  |b BIBDER  |d 2019-11-20  |h v.2  |i 1949551  |o 343.096 GAR 1928  |p 1949551  |r 2023-01-25  |w 2019-11-20  |y BK_X  |k DER 
952 |0 0  |1 0  |4 0  |6 343_096000000000000_GAR_1928  |7 0  |8 X  |9 299993  |a BIBDER  |b BIBDER  |d 2019-11-20  |h v.3  |i 194956K  |o 343.096 GAR 1928  |p 194956K  |r 2023-01-25  |w 2019-11-20  |y BK_X  |k DER 
952 |0 0  |1 0  |4 0  |6 343_096000000000000_GAR_1928  |7 0  |8 X  |9 299994  |a BIBDER  |b BIBDER  |d 2019-11-20  |h v.4  |i 1949578  |o 343.096 GAR 1928  |p 1949578  |r 2023-01-25  |w 2019-11-20  |y BK_X  |k DER